Taller de manejo para la resolución de conflictos ambientales : (Registro nro. 17546)

Detalles MARC
000 -CABECERA
Campo de control 00922nam a22002417a 4500
005 - FECHA Y HORA DE LA ULTIMA TRANSACCION
Campo de control 20150708171047.0
008 - ELEMENTOS DE LONGITUD FIJA—INFORMACION GENERAL
Campo de control 150708b2004 ck ||||| |||| 00| 0 spa d
040 ## - FUENTE DE CATALOGACIÓN
Agencia catalogadora original CO-BoIAVH
Agencia transcriptora CO-BoIAVH
041 ## - IDIOMA
Código de idioma para texto/pista de sonido o título separado Español
044 ## - PAÍS DE PUBLICACIÓN
País de publicación Colombia
082 04 - NUMERO DE CLASIFICACION DECIMAL DEWEY
Número de clasificación 363.70526
Número del ítem W97m
111 1# - ASIENTO PRINCIPAL--NOMBRE DE REUNION
Nombre de reunión o de jurisdicción como elemento de entrada Taller de manejo para la resolución de conflictos ambientales
Lugar de la reunión Cali, (
Fecha de la reunión 31de mayo a 4 de junio de 2001)
9 (RLIN) 35430
245 10 - MENCION DE TITULO
Título Taller de manejo para la resolución de conflictos ambientales :
Parte restante del título memorias fotodocumentadas
260 ## - PUBLICACION, DISTRIBUCION, ETC. (PIE DE IMPRENTA)
Lugar de publicación, distribución, etc. Cali:
Nombre del editor, distribuidor, etc. WWF,
Fecha de publicación, distribución, etc. 2004.
300 ## - DESCRIPCION FISICA
Extensión 245 p.
Otros detalles físicos fotografías a color, argollado
Dimensiones 28 cm.
650 1# - ASIENTO SECUNDARIO DE MATERIA - TERMINO TEMATICO
Término temático o nombre geográfico como elemento de entrada Conflictos ambientales
Subdivisión de forma talleres
Subdivisión geográfica Colombia
9 (RLIN) 35431
650 1# - ASIENTO SECUNDARIO DE MATERIA - TERMINO TEMATICO
Término temático o nombre geográfico como elemento de entrada Resolución de conflictos
Subdivisión de forma talleres
9 (RLIN) 35432
700 1# - ASIENTO SECUNDARIO - NOMBRE PERSONAL
Nombre personal Candelo-Reina, Carmen
Término de relación coordinadora
9 (RLIN) 35433
700 1# - ASIENTO SECUNDARIO - NOMBRE PERSONAL
Nombre personal Naranjo. Luis Germán
9 (RLIN) 4368
700 1# - ASIENTO SECUNDARIO - NOMBRE PERSONAL
Nombre personal Blanco, Ornella
9 (RLIN) 35434
700 1# - ASIENTO SECUNDARIO - NOMBRE PERSONAL
Nombre personal Pendzich, Christine
9 (RLIN) 35435
942 ## - ELEMENTOS ADICIONALES (KOHA)
Sistema de clasificación Dewey Decimal Classification
Tipo de ítem Informe Técnico
Existencias
Withdrawn status Lost status Sistema de Clasificación Damaged status No para préstamo Colección Inventariado Ubicación Permanente Ubicación actual Fecha de adquisición Total Checkouts Número topográfico Inventario / Código de Barras Date last seen Ejemplar Price effective from Forma de adquisición Tipo de material
    Dewey Decimal Classification     General Inventariado 2017 Bogotá Bogotá 08/07/2015   LB-363.70526 W97m 042096 08/07/2015 Ej. 1 08/07/2015   Informe Técnico